00480nam a2200193 a 4500001001300000003000900013005001700022008004100039020001000080082001800090100001600108245004600124260002500170300000900195500003500204505001000239650002100249700001600270nice12345678IN_TiNIC20260116012936.0050524s1991 dela grp 000 0 eng  ac20000a297.1977bWIN aWink, Andre aIslam, Politics and Society in South Asia aDelhibManoharc1991 a189p aincludes index and biblioraphy2 aIndex aIslam-South Asia1 aWink, Andre